Представление документа в формате MARC21

Поле Инд. ПП Название Значение
Тип записи a
Библиографический уровень m
001 Контрольный номер 677e4f85-33f0-433d-8a63-df6d8856bdb0
005 Дата корректировки 20140703122158.5
008 Кодируемые данные 030701
020 a ISBN 5-8037-0092-4
c Цена, тираж 72.00
040 a Служба первич. каталог. НБ ТвГУ
041 a Код языка текста rus
080 a Индекс УДК 51(091)(082)
084 a Индекс другой классификации/Индекс ББК В1г(0)
090 x Авторский знак И90
a Полочн. индекс В1г(0)
245 10 a Заглавие Историко-математические исследования
n Номер части/ раздела Вторая сер. Вып. 7(42)
b Продолж. заглавия [сб. ст.]
c Ответственность РАН, Ин-т истории естествознания и техники им. С. И. Вавилова; [Редкол.: С. С. Демидов (гл. ред.) и др.]
260 0_ a Место издания Москва
b Издательство Янус-К
c Дата издания 2002
300 a Объем 378 с.
b Иллюстрации/ тип воспроизводства ил., [1] л. портр.
504 a Библиография Библиогр. в конце работ.
a Библиография Имен. указ.: с.370-378.
583 a Действие Получение впервые 149 30.06.2003
k Исполнитель действия Дар РГГУ
650 a Основная рубрика Математика
x Основная подрубрика История
653 a Ключевые слова Математика
a Ключевые слова История математики
700 1_ a Другие авторы Демидов Сергей Сергеевич
e Роль лиц гл. ред.
c Титул (звание) 1942-
852 t Порядковый номер экземпляра 2
p Инвентарный номер 766816
p Инвентарный номер 775727 55.00
863 t 10690000002663
863 t 10690000002664
863 t 00031462
888 a Бесплатные
952 p 149.2003 72.00 1 766816
p 3.2004 55.00 1 775727
c Вид литературы К рн
954 a Дата поступления на обработку 20030814
999 a Подразделение 2 Фил3